000 00656nam a2200193Ia 4500
003 GCL
008 140319s9999 xx 000 0 ara d
040 _aGCL /
_cGCL
082 0 4 _a891.62
_bا ج
100 1 _aعبدالله عبدالحافظ
245 1 0 _aجونو والطاووس /
_cعبدالله عبدالحافظ
700 1 _aعلى جمال الدين عزت
700 1 _aاوكاسى, شون
490 _aروائع المسرح العالمى
_v0
650 0 4 _aالادب الايرلندى
650 0 4 _aالمسرحيات الايرلندية
650 0 4 _aالمسرحيات الايرلندية المترجمة
942 _2ddc
_cBK
999 _c49501
_d49501